[Event "XLI Rilton Cup 2011-12"]
[Site "Stockholm SWE"]
[Date "2011.12.28"]
[Round "2"]
[White "Arjun,B"]
[Black "Blomqvist,E"]
[Result "1-0"]
[WhiteElo "2178"]
[BlackElo "2477"]

1.Nf3 Nf6 2.c4 c5 3.Nc3 e6 4.g3 b6 5.Bg2 Bb7 6.O-O Be7 7.Re1 d6 8.e4 a6 9.d4 cxd4
10.Nxd4 Qc7 11.Be3 Nbd7 12.Rc1 O-O 13.Nd5 exd5 14.cxd5 Qb8 15.Nc6 Bxc6 16.dxc6 Nc5
17.c7 Qa7 18.b4 Ncd7 19.Re2 Rac8 20.Rec2 a5 21.a3 axb4 22.axb4 Qa4 23.Rc4 Qxd1+
24.Rxd1 b5 25.Rc2 Ne5 26.Bh3 Nc4 27.Bxc8 Rxc8 28.Ra1 Nxe4 29.Ra7 Kf8 30.Rxc4 bxc4
31.b5 d5 32.b6 Nd6 33.Bf4  1-0

[Event "20th Aschacher Donau"]
[Site "Aschach AUT"]
[Date "2011.12.29"]
[Round "5"]
[White "Horvath,Jo1"]
[Black "Jurek,J"]
[Result "1-0"]
[WhiteElo "2531"]
[BlackElo "2350"]

1.c4 Nf6 2.Nc3 c5 3.Nf3 e6 4.e3 b6 5.d4 cxd4 6.exd4 Bb7 7.Bd3 Be7 8.O-O d5
9.cxd5 Nxd5 10.Ne5 O-O 11.Qh5 f5 12.Bc4 a6 13.Re1 Qd6 14.Bb3 b5 15.Nd3 Nd7
16.Qe2 Rf6 17.Nxd5 Bxd5 18.Bf4 Qc6 19.Bg5 Rg6 20.Bxd5  1-0

[Event "Cracovia Open A"]
[Site "Krakow POL"]
[Date "2011.12.29"]
[Round "3.4"]
[White "Sadzikowski,D"]
[Black "Stupak,K"]
[Result "1/2-1/2"]
[WhiteElo "2380"]
[BlackElo "2503"]

1.Nf3 Nf6 2.c4 e6 3.Nc3 c5 4.e4 Nc6 5.Be2 e5 6.d3 d6 7.a3 a5 8.O-O g6 9.Rb1 Bg7
10.Ne1 O-O 11.Nc2 a4 12.b4 axb3 13.Rxb3 Nd4 14.Rb1 Ne8 15.Nd5 Nc7 16.Nb6 Nxe2+
17.Qxe2 Ra6 18.Nxc8 Qxc8 19.Ne3 b6 20.Nd1 f5 21.Nc3 f4 22.f3 h5 23.Nb5 Nxb5
24.Rxb5 Bf6 25.Qb2 Bd8 26.g3 g5 27.Qg2 Kh7 28.g4 hxg4 29.fxg4 Ra7 30.h3 Kg6
31.Qf3 Rh7 32.Kg2 Rfh8 33.Rh1 Qa6 34.Qd1 Rf8 35.Rf1 Bc7 36.Bb2 Rfh8 37.Rh1 Bd8
38.Bc1 Qc8 39.Qf3 Qa8 40.Qd1 Ra7 41.Rf1 Ra5 42.Qb3 Qa6 43.Rxa5 Qxa5 44.Qc2 Bc7
45.Bb2 b5 46.cxb5 Qxb5 47.a4 Qa6 48.Bc3 Rb8 49.a5 c4 50.Rb1 Rxb1 51.Qxb1 cxd3
52.Qb3 Kf6 53.Qg8 Qc6 54.Qh8+ Ke6 55.Kf3 Kd7 56.Qh7+ Kc8 57.Qg8+ Kb7 58.Qb3+ Ka6
59.h4 gxh4 60.g5 Qd7 61.Qc4+ Kb7 62.Kf2 Bd8 63.Qd5+ Ka7 64.Bxe5 Ka6 65.Qxd3+ Kxa5
66.Qd5+ Ka6 67.Qd3+ Kb7 68.Qd5+ Ka6 69.g6 Bb6+ 70.Bd4 Bxd4+ 71.Qxd4 Qg4 72.Qxd6+ Kb5
73.Qd3+ Kb6 74.Qb3+ Kc6 75.Qc3+ Kd7 76.Qg7+ Ke6 77.Qf7+ Ke5 78.Qd5+ Kf6 79.Qf7+ Ke5
80.Qd5+ Kf6 81.e5+ Kg7 82.Qf7+ Kh6 83.Qf8+ Kg5 84.g7 Qg3+ 85.Ke2 Qe3+ 86.Kd1 Qd3+
87.Kc1 Qc3+ 88.Kb1 Qb3+ 89.Ka1 Qc3+ 90.Ka2 Qc4+ 91.Ka3 Qa6+ 92.Kb4 Qb6+ 93.Kc4 Qc7+
94.Kd3 Qd7+ 95.Kc4 Qc7+ 96.Kb3 Qb7+ 97.Kc3 Qc6+ 98.Kd4 Qd7+ 99.Kc4 Qc7+  1/2-1/2

[Event "ch-AUS 2011-12"]
[Site "North Geelong AUS"]
[Date "2011.12.29"]
[Round "3.8"]
[White "Ikeda,J"]
[Black "Matheson,L"]
[Result "1-0"]
[WhiteElo "2349"]
[BlackElo "2126"]

1.c4 Nf6 2.Nc3 c5 3.Nf3 d5 4.cxd5 Nxd5 5.g3 Nc6 6.Bg2 Nc7 7.d3 e5 8.O-O Be7
9.Nd2 Bd7 10.f4 exf4 11.gxf4 O-O 12.f5 Nd4 13.e4 g6 14.Nf3 Nxf3+ 15.Qxf3 Bg5
16.Bf4 Bxf4 17.Qxf4 gxf5 18.Bh3 Kh8 19.Bxf5 Bxf5 20.Qxf5 f6 21.Qxc5 b6 22.Qe3 b5
23.Kh1 b4 24.Ne2 Qd7 25.Nf4 f5 26.Rg1 fxe4 27.dxe4 Rae8 28.Raf1 Rf7 29.Ng6+ hxg6
30.Qh6+ Rh7 31.Rf8+  1-0

[Event "48th Groningen Open A"]
[Site "Groningen NED"]
[Date "2011.12.30"]
[Round "9.2"]
[White "Ruck,R1"]
[Black "Hess,Ro"]
[Result "1/2-1/2"]
[WhiteElo "2579"]
[BlackElo "2625"]

1.Nf3 Nf6 2.c4 e6 3.Nc3 c5 4.g3 b6 5.Bg2 Bb7 6.O-O Be7 7.Re1 Nc6 8.e4 e5
9.Nd5 O-O 10.d3 d6 11.Nxe7+ Qxe7 12.Nh4 Nd4 13.f4 Rfb8 14.Rf1 Bc8 15.f5 b5
16.cxb5 Rxb5 17.Nf3 Nxf3+ 18.Qxf3 d5 19.exd5 Bb7 20.Qe2 Qd7 21.Bg5 Bxd5 22.Bxf6 gxf6
23.Be4 Rb4 24.Rac1 Rd8 25.b3 Qc6 26.Rfe1 Rd4 27.Rc2 Bxe4 28.dxe4 Qb6 29.Kg2 Qb4
30.Qg4+ Kf8 31.Ree2 Rd2 32.Qf3 Rxc2 33.Rxc2 Rd4 34.Kh3 Rxe4 35.Rxc5 Rh4+
36.gxh4 Qxc5 37.Qa8+ Ke7 38.Qb7+ Kd6 39.Qb8+ Kd5 40.Qb7+ Kd4 41.Qxf7 Ke4
42.Qxf6 Qc3+ 43.Kg2 Qd2+ 44.Kg3 Qe3+ 45.Kg2 Qe2+ 46.Kg1 Qd1+ 47.Kg2 Qg4+
48.Kf2 Qf4+ 49.Kg2 Qd2+ 50.Kg3 Qf4+ 51.Kg2  1/2-1/2

[Event "TCh-ISR 2011-12"]
[Site "Israel ISR"]
[Date "2011.12.30"]
[Round "3.6"]
[White "Greenfeld,A"]
[Black "Shrentzel,M"]
[Result "1-0"]
[WhiteElo "2558"]
[BlackElo "2250"]

1.Nf3 Nf6 2.c4 c5 3.Nc3 e6 4.g3 b6 5.Bg2 Bb7 6.O-O Be7 7.Re1 d6 8.e4 a6 9.d4 cxd4
10.Nxd4 Ra7 11.Ndb5 axb5 12.Nxb5 Ra6 13.e5 Bxg2 14.exf6 Bxf6 15.Kxg2 O-O
16.Nxd6 Nc6 17.Ne4 Bd4 18.a3 Qa8 19.f3 Rd8 20.Qe2 Bc5 21.Be3 Nd4 22.Qf2 f5
23.Nxc5 bxc5 24.Rad1 e5 25.Bxd4 exd4 26.Re5 Qc6 27.Qe2 Rb8 28.b4 cxb4 29.c5 Rb7
30.Qc4+ Kh8 31.axb4  1-0

[Event "4th Chennai Open"]
[Site "Chennai IND"]
[Date "2012.01.05"]
[Round "3"]
[White "Rahman,Zia"]
[Black "Konguvel,P"]
[Result "1/2-1/2"]
[WhiteElo "2523"]
[BlackElo "2344"]

1.Nf3 Nf6 2.c4 c5 3.Nc3 e6 4.g3 d5 5.cxd5 exd5 6.d4 Nc6 7.Bg2 Be7 8.O-O O-O
9.dxc5 Bxc5 10.Na4 Be7 11.Be3 Re8 12.Rc1 Bg4 13.Nc5 Bxc5 14.Bxc5 Qd7 15.Bd4 Ne4
16.Qd3 Bh3 17.Rfd1 Bxg2 18.Kxg2 Rad8 19.Be3 h6 20.Qb5 Re6 21.Rd3 a6 22.Qb3 Nf6
23.Bb6 Rde8 24.e3 Re4 25.Bd4 Nxd4 26.Rxd4 Rxd4 27.Nxd4 h5 28.Qc2 h4 29.Qf5 Qxf5
30.Nxf5 hxg3 31.hxg3 g6 32.Nd4 Kf8 33.Nb3 Re6 34.Rc8+ Kg7 35.Nc5 Rb6 36.b3 Ne4
37.Nd3 Rd6 38.Rc7 d4 39.exd4 Rxd4 40.Ne5 Kf6  1/2-1/2

[Event "Northern California International"]
[Site "Fremont USA"]
[Date "2012.01.05"]
[Round "5"]
[White "Piasetski,L"]
[Black "Rabin,E"]
[Result "1-0"]
[WhiteElo "2305"]
[BlackElo "2035"]

1.c4 Nf6 2.Nf3 c5 3.Nc3 g6 4.d4 cxd4 5.Nxd4 Bg7 6.e4 d6 7.Be2 O-O 8.O-O Nc6
9.Be3 Ng4 10.Bxg4 Bxg4 11.Qd2 Bd7 12.Rad1 Ne5 13.b3 Ng4 14.Bg5 h6 15.Bh4 Bxd4
16.Qxd4 e5 17.Bxd8 exd4 18.Be7 Rfe8 19.Nd5 Bc6 20.Bxd6 Rxe4 21.f3 Re6 22.Bc5 Ne3
23.Nc7 Nxd1 24.Rxd1 Rd8 25.Nxe6 fxe6 26.Rxd4 Rxd4 27.Bxd4 a6 28.Kf2 Kf7 29.h4 Ke7
30.Bg7 h5 31.Be5 Be8 32.Ke3 Kd7 33.Kd4 Kc6 34.Bf4 b5 35.c5 a5 36.Bd6 e5+
37.Kxe5 Bd7 38.Kf6 Bf5 39.g4 hxg4 40.fxg4 Bb1 41.a3 b4 42.axb4 axb4 43.h5 gxh5
44.gxh5  1-0

[Event "24th Staufer-Open"]
[Site "Schwaebisch Gmuend GER"]
[Date "2012.01.05"]
[Round "8"]
[White "Buhmann,R"]
[Black "Miezis,N"]
[Result "0-1"]
[WhiteElo "2617"]
[BlackElo "2544"]

1.Nf3 c5 2.c4 Nf6 3.Nc3 e6 4.g3 Nc6 5.Bg2 e5 6.e3 d6 7.d4 exd4 8.exd4 Bg4
9.dxc5 dxc5 10.O-O Be7 11.h3 Bf5 12.Bf4 O-O 13.Qa4 Nd4 14.Nxd4 cxd4 15.Nd5 Nxd5
16.cxd5 Qb6 17.Be5 Bc5 18.Rad1 d3 19.Qf4 Bg6 20.h4 Qb5 21.g4 h6 22.h5 Bh7
23.Be4 Bxe4 24.Qxe4 Rfe8 25.Qf5 Rad8 26.a4 Qc4 27.d6 Rxe5 28.Qxe5 Qxg4+ 29.Kh1 Bxd6  0-1

[Event "24th Staufer-Open"]
[Site "Schwaebisch Gmuend GER"]
[Date "2012.01.05"]
[Round "8"]
[White "Kill,M"]
[Black "Boos,M"]
[Result "1/2-1/2"]
[WhiteElo "2084"]
[BlackElo "2173"]

1.Nf3 c5 2.c4 Nf6 3.Nc3 g6 4.e4 d6 5.d4 Bg7 6.d5 O-O 7.h3 b5 8.cxb5 a6 9.bxa6 Qa5
10.Bd3 Nxd5 11.exd5 Bxc3+ 12.bxc3 Qxc3+ 13.Qd2 Qxa1 14.O-O Qg7 15.Bb2 f6
16.Re1 Nxa6 17.Qa5 Nb4 18.Qxa8 Nxd3 19.Re2 Nxb2 20.Rxb2 Bf5 21.Qb7 Qf7 22.Nd2 Bd3
23.Nb1 Bc4 24.Nc3 f5 25.a4 Qf6 26.Rc2 Qe5 27.Rc1 Rf7 28.a5 e6 29.a6 Bxa6
30.Qxa6 exd5 31.Qa8+ Kg7 32.Nxd5 f4 33.Qa1 Qxa1 34.Rxa1 g5 35.Ra6 Rd7 36.Kf1 Kf7
37.Ke2 Ke6 38.Nc3 Ke5 39.Ra5 Kd4 40.Nb5+ Kc4 41.Ra7 Rd8 42.Na3+ Kb3 43.Nb1 Kc2
44.Na3+ Kb3 45.Nb1 Kc2 46.Na3+  1/2-1/2

[Event "TCh-ISR 2011-12"]
[Site "Israel ISR"]
[Date "2012.01.06"]
[Round "5.3"]
[White "Botvinnik,Il"]
[Black "Porat,Ma"]
[Result "1/2-1/2"]
[WhiteElo "2369"]
[BlackElo "2299"]

1.Nf3 Nf6 2.c4 e6 3.Nc3 c5 4.g3 b6 5.Bg2 Bb7 6.O-O Be7 7.Re1 d5 8.cxd5 Nxd5
9.e4 Nb4 10.d4 cxd4 11.Nxd4 N8c6 12.Be3 O-O 13.Nxc6 Bxc6 14.Qb3 Qc7 15.Red1 Rfd8
16.a3 Na6 17.Qc4 Bb7 18.Qe2 Rac8 19.Nb5 Qb8 20.b4 Nc7 21.Nd4 Qa8 22.f3 Bf6
23.a4 Na6 24.Rab1 Rd7  1/2-1/2

[Event "Northern California International"]
[Site "Fremont USA"]
[Date "2012.01.07"]
[Round "8"]
[White "Meier,Geo"]
[Black "Margvelashvili,G"]
[Result "1-0"]
[WhiteElo "2671"]
[BlackElo "2531"]

1.Nf3 Nf6 2.c4 c5 3.Nc3 e6 4.g3 b6 5.Bg2 Bb7 6.O-O a6 7.d4 cxd4 8.Qxd4 d6
9.Bg5 Nbd7 10.Qd2 Be7 11.Bf4 Nc5 12.Rfd1 Qc8 13.Qc2 Qc7 14.b4 Ncd7 15.Rac1 Rc8
16.Qb3 Nh5 17.Be3 O-O 18.b5 Nhf6 19.bxa6 Bxa6 20.Nb5 Qb8 21.Qa3 Nc5 22.Nfd4 Bb7
23.Na7 Rc7 24.Nab5 Rcc8 25.Qa7 Qxa7 26.Nxa7 Ra8 27.Bxb7 Rxa7 28.Bf3 Rxa2
29.Nc6 Bd8 30.Rxd6 Bc7 31.Ne7+ Kh8 32.Rc6 Bd8 33.Bxc5 bxc5 34.Nc8 Ba5 35.Rd1 Bb4
36.Rc7 g5 37.h3 Kg7 38.Nd6 Rc2 39.Ra1 Rd2 40.Nb7 Rd7 41.Rxd7 Nxd7 42.Bc6 Ne5
43.Bb5 Rc8 44.f4 gxf4 45.gxf4 Ng6 46.e3 Ne7 47.Kf2 Nf5 48.e4 Rc7 49.exf5 Rxb7
50.fxe6 fxe6 51.Ra6 Kf6 52.Bc6 Rg7 53.Be4 Re7 54.Ke3 Bc3 55.Bf3 Bd4+ 56.Ke4 Kf7
57.Bh5+ Kg7 58.Bg4 Kf7 59.Rc6 Bg1 60.h4 Bd4 61.h5 h6 62.Rd6 Bf6 63.Bf3 Ra7
64.Rc6 Bd4 65.f5 exf5+ 66.Kxf5 Kg7 67.Bd5 Re7 68.Be6 Kh7 69.Rc8 Kg7 70.Rc6 Kh7
71.Kf4 Kg7 72.Bf5 Be3+ 73.Kg4 Re5 74.Bg6 Bg5  1-0

[Event "4th Chennai Open"]
[Site "Chennai IND"]
[Date "2012.01.08"]
[Round "7"]
[White "Suvrajit,S"]
[Black "Deepan,C"]
[Result "0-1"]
[WhiteElo "2375"]
[BlackElo "2495"]

1.Nf3 Nf6 2.c4 c5 3.Nc3 b6 4.e4 d6 5.d4 cxd4 6.Nxd4 Bb7 7.f3 e6 8.Be3 Be7
9.Be2 O-O 10.O-O Nbd7 11.Rc1 a6 12.a3 Re8 13.Bf2 Rc8 14.Nc2 Qc7 15.Ne3 Qb8
16.b4 Bd8 17.Qb3 Bc7 18.Rfd1 Ne5 19.Nf1 Ng6 20.Be3 Nh5 21.Ng3 Nhf4 22.Bf1 h5
23.Nce2 d5 24.cxd5 exd5 25.Nxf4 Nxf4 26.Bxf4 Bxf4 27.Rxc8 Rxc8 28.exd5 h4
29.Ne4 Bxh2+ 30.Kh1 Rd8 31.b5 a5 32.Bc4 Qf4 33.Qd3 Bg3 34.Qd4 Qh6 35.a4 Bf4
36.Bb3 Kh8 37.Nf2 Bb8 38.Re1 Bc8 39.Kg1 Kg8 40.Bc2 Bd6 41.Qe3 Qxe3 42.Rxe3 Bc5
43.Re5 f6 44.Rh5 g5 45.Kf1 Bb7 46.Ne4 Bd4 47.f4 Bxd5 48.fxg5 Bc4+ 49.Ke1 fxg5
50.Rxg5+ Kf8 51.Rh5 Kg7 52.Rxh4 Be6 53.Ke2 Bc4+ 54.Kf3 Be6 55.Ng5 Bd5+ 56.Be4 Bb3
57.Rh7+ Kf6 58.Kf4 Be5+ 59.Kg4 Bd4 60.Nf3 Be3 61.Rc7 Rg8+ 62.Kh4 Rh8+ 63.Rh7 Rxh7+
64.Bxh7 Bxa4 65.Bd3 Bb3 66.g4 a4 67.g5+ Kg7 68.Ne5 a3 69.Nc4 a2 70.Nxe3 a1=Q
71.Nf5+ Kf8 72.Be4 Qe1+ 73.Ng3 Bc4 74.Bc6 Bxb5  0-1

[Event "37th Seville Open"]
[Site "Seville ESP"]
[Date "2012.01.09"]
[Round "3"]
[White "Barrero Garcia,C"]
[Black "Lasinskas,P"]
[Result "1/2-1/2"]
[WhiteElo "2370"]
[BlackElo "2138"]

1.Nf3 Nf6 2.c4 e6 3.Nc3 c5 4.g3 b6 5.Bg2 Bb7 6.O-O Be7 7.Re1 O-O 8.e4 d6
9.d4 cxd4 10.Nxd4 Qc8 11.Ndb5 Rd8 12.Bf4 Ne8 13.Rc1 a6 14.Nd4 Nd7 15.Bh3 Bf6
16.Be3 Qc7 17.b3 Rac8 18.f4 Qb8 19.f5 e5 20.Nf3 Nc5 21.Bf2 Qa8 22.Nd5 Bxd5
23.cxd5 Nd7 24.Bf1 Rxc1 25.Qxc1 Rc8 26.Qa3 b5 27.Rc1 Bd8 28.b4 Bb6 29.Rc3 Bxf2+
30.Kxf2 Nef6 31.Nd2 Nb6 32.Qc1 Rxc3 33.Qxc3 Qb7 34.Kf3 Kf8 35.Bd3 Ke7 36.Nb3 Kd7
37.Na5 Qc7 38.Qd2 h6 39.Nc6 Ng8 40.h4 f6 41.g4 Ne7 42.Na5 Na4 43.g5 hxg5
44.hxg5 Qb6 45.gxf6 gxf6 46.Qe3 Qc7 47.Qd2 Qb6 48.Bc2 Qg1 49.Bxa4 bxa4 50.Qf2 Qh1+
51.Ke3 Qb1 52.Kf3 Qh1+ 53.Ke3 Qb1 54.Qd2 Qg1+ 55.Ke2 Qb1  1/2-1/2

[Event "5th Gora Swietej Anny"]
[Site "Gora Swietej Anny POL"]
[Date "2012.01.14"]
[Round "4.2"]
[White "Dobrowolski,P"]
[Black "Zmarzly,A"]
[Result "1-0"]
[WhiteElo "2416"]
[BlackElo "2046"]

1.Nf3 Nf6 2.c4 c5 3.Nc3 e6 4.g3 b6 5.Bg2 Bb7 6.O-O a6 7.Re1 Be7 8.e4 d6 9.d4 cxd4
10.Nxd4 Qc7 11.Be3 Nbd7 12.f4 O-O 13.Rc1 Rfe8 14.Bf2 Rab8 15.b4 Bf8 16.g4 g6
17.b5 e5 18.Nd5 Nxd5 19.cxd5 Nc5 20.fxe5 dxe5 21.Nc6 Ra8 22.a4 axb5 23.axb5 Ra3
24.Re3 Rea8 25.Rxa3 Rxa3 26.Ra1 Rb3 27.Qe2 Bd6 28.Kh1 Kg7 29.Bg3 Nd3 30.Qc2 Nc5
31.Qc4 Rb2 32.Rf1 f6 33.g5 Nd7 34.gxf6+ Nxf6 35.Nxe5 Qe7 36.Nd3 Rxg2 37.Bxd6 Qxd6
38.Kxg2 Nxe4 39.Nf4 Nf6 40.Kg1 Qe5 41.Qc7+ Qxc7 42.Ne6+ Kh6 43.Nxc7 Nxd5
44.Nxd5 Bxd5 45.Rf6  1-0

[Event "TCh-SVK Extraliga 2011-12"]
[Site "Slovakia SVK"]
[Date "2012.01.14"]
[Round "5"]
[White "Banas,J"]
[Black "Skara,V"]
[Result "1-0"]
[WhiteElo "2318"]
[BlackElo "2219"]

1.c4 c5 2.Nf3 Nf6 3.Nc3 b6 4.e4 d6 5.d4 cxd4 6.Nxd4 Bb7 7.Bd3 e6 8.O-O Be7
9.b3 a6 10.Bb2 Qc7 11.Kh1 O-O 12.f4 Nbd7 13.Qf3 Rfe8 14.Rae1 Rad8 15.Qh3 Bf8
16.Bb1 g6 17.f5 exf5 18.exf5 Bg7 19.fxg6 hxg6 20.Nf3 Qc5 21.Na4 Rxe1 22.Rxe1 Qf2
23.Bd4 Ne4 24.Bxe4 Bxd4 25.Bxb7 Ne5 26.Qh4 Qxh4 27.Nxh4 b5 28.Re4 Ba1 29.Nb6 bxc4
30.Nxc4 d5 31.Rxe5 dxc4 32.Re1 c3 33.Rxa1 c2 34.Bf3 a5 35.Rc1 Rd2 36.Kg1 g5
37.Nf5 g4 38.Bxg4  1-0

[Event "TCh-CZE Liga1 Vychod"]
[Site "Czech Rep CZE"]
[Date "2012.01.15"]
[Round "6"]
[White "Kubos,R"]
[Black "Mojzis,Jar"]
[Result "0-1"]
[WhiteElo "2227"]
[BlackElo "2219"]

1.c4 c5 2.Nc3 e6 3.Nf3 Nf6 4.g3 b6 5.Bg2 Bb7 6.O-O Be7 7.d4 cxd4 8.Qxd4 d6
9.e4 a6 10.b3 Nbd7 11.Rd1 Qc8 12.Ba3 Nc5 13.Nd2 O-O 14.Rac1 Re8 15.Bb2 Bf8
16.h3 Qc7 17.Nf1 Rad8 18.Kh2 Qb8 19.b4 Ncd7 20.Ne3 h5 21.Kh1 Ba8 22.a3 Nc5
23.Rc2 e5 24.Qd2 Ncxe4 25.Nxe4 Bxe4 26.Bxe4 Nxe4 27.Qd3 Nf6 28.Nd5 Qb7 29.Qf3 Nxd5
30.cxd5 g6 31.Rc6 Bg7 32.Qe3 b5 33.Rb6 Qd7 34.Kg2 Rc8 35.Rxa6 Rc2 36.Rd2 Rec8
37.Qd3 Rxd2 38.Qxd2 Qf5 39.Bc3 Qe4+ 40.Kg1 h4 41.gxh4 Qf3 42.Rc6 Rxc6 43.dxc6 Qxc6
44.h5 gxh5 45.Qb2 Qf3 46.Qa1 Qxh3 47.a4 bxa4 48.b5 Qg4+ 49.Kh1 h4 50.b6 Qf3+
51.Kg1 h3 52.Qf1 Qxc3 53.b7 Qb4 54.Qa6 Qg4+  0-1

[Event "10th Parsvnath Open"]
[Site "New Delhi IND"]
[Date "2012.01.17"]
[Round "4"]
[White "Mu Ke"]
[Black "Deepan,C"]
[Result "1/2-1/2"]
[WhiteElo "2294"]
[BlackElo "2495"]

1.Nf3 Nf6 2.c4 c5 3.Nc3 b6 4.g3 Bb7 5.Bg2 e6 6.O-O Be7 7.d4 cxd4 8.Qxd4 O-O
9.Rd1 Nc6 10.Qf4 h6 11.b3 Qb8 12.Qxb8 Raxb8 13.Bf4 Rbc8 14.Bd6 Bxd6 15.Rxd6 Rfd8
16.Rad1 Kf8 17.Ne5 Ke7 18.Nb5 Nxe5 19.Bxb7 Rb8 20.Bg2 Ne8 21.R6d4 a6 22.Na7 Nf6
23.f4 Ng6 24.c5 bxc5 25.Rd6 Nd5 26.Rxa6 Nc3 27.Rd2 Nb5 28.Nxb5 Rxb5 29.Ra7 Nf8
30.Rd3 Rc8 31.a4 Rb4 32.a5 c4 33.bxc4 Rcxc4 34.a6 Ra4 35.Rb3 Rc2 36.Kf2 g5
37.fxg5 hxg5 38.h4 gxh4 39.gxh4 Rca2 40.Rb6 Rxh4 41.Bc6 Rh2+ 42.Bg2 Rh4 43.Bc6 Rh2+
44.Bg2 Rh5 45.Bc6  1/2-1/2

[Event "10th Parsvnath Open"]
[Site "New Delhi IND"]
[Date "2012.01.19"]
[Round "7.14"]
[White "Neelotpal,D"]
[Black "Konguvel,P"]
[Result "1/2-1/2"]
[WhiteElo "2471"]
[BlackElo "2344"]

1.Nf3 Nf6 2.c4 c5 3.Nc3 e6 4.d4 cxd4 5.Nxd4 Bb4 6.g3 O-O 7.Bg2 d5 8.cxd5 Nxd5
9.Bd2 Nxc3 10.bxc3 Be7 11.Rb1 e5 12.Nc2 Na6 13.Ne3 Nc5 14.c4 Re8 15.O-O Bd7
16.Bc3 e4 17.Qd4 Bf8 18.Nd5 Rc8 19.Rfd1 Qg5 20.Bd2 Qg6 21.Bc3 Ba4 22.Rdc1 b6
23.Bb2 Bd7 24.Ba3 Bg4 25.Qe3 Bf5 26.Rd1 Qc6 27.Rb5 h6  1/2-1/2

[Event "10th Parsvnath Open"]
[Site "New Delhi IND"]
[Date "2012.01.20"]
[Round "8.16"]
[White "Vakhidov,J"]
[Black "Saravana,Kr"]
[Result "1/2-1/2"]
[WhiteElo "2419"]
[BlackElo "2313"]

1.Nf3 Nf6 2.c4 c5 3.Nc3 g6 4.e4 Bg7 5.d4 O-O 6.Be2 cxd4 7.Nxd4 Nc6 8.Be3 d6
9.O-O Bd7 10.Qd2 Re8 11.f3 a6 12.Rac1 Rc8 13.Rfd1 Nxd4 14.Bxd4 Bc6 15.b4 Bd7
16.Qe3 Be6 17.e5 Nd7 18.exd6 Bxd4 19.Qxd4 exd6 20.Qxd6 Bxc4 21.Bxc4 Rxc4
22.Ne4 Rxc1 23.Rxc1 Re6 24.Qd4 Qe8 25.Rc7 Nf8 26.h4 Qb8 27.Rc5 Qf4 28.h5 gxh5
29.Rc8 Rg6 30.Qc5 Qh6 31.Qe7 Qg7 32.Kh1 h4 33.Qc7 h3 34.g4 Rc6 35.Qxb7 Qa1+
36.Kh2 Qb2+ 37.Kg3 Qg2+ 38.Kf4 Rxc8 39.Qxc8 h2 40.Qc3 Ne6+ 41.Ke3 Qg1+ 42.Kd2 Qg2+
43.Ke3 Qg1+ 44.Kd2 h1=R  1/2-1/2

[Event "ch-Belgrade 2012"]
[Site "Belgrade SRB"]
[Date "2012.01.22"]
[Round "1.2"]
[White "Kosovac,M"]
[Black "Milanovic,Da"]
[Result "0-1"]
[WhiteElo "2049"]
[BlackElo "2510"]

1.Nf3 Nf6 2.c4 c5 3.Nc3 b6 4.e4 d6 5.h3 Bb7 6.Bd3 e6 7.Bc2 Be7 8.O-O a6 9.d4 cxd4
10.Nxd4 Nbd7 11.Re1 Rc8 12.Qe2 Qc7 13.b3 b5 14.Nd5 exd5 15.exd5 O-O 16.Nf5 Bd8
17.Bf4 Ne5 18.Nxd6 Qxd6 19.Bxe5 Qc5 20.Bf5 Ra8 21.Rac1 Re8 22.Kh1 Ba5 23.Rf1 Nxd5
24.cxd5 Qxd5 25.f4 f6 26.Rcd1 Qf7 27.Qc2 fxe5 28.Bxh7+ Kh8 29.Bg6 Qe6 30.f5 Qf6
31.Rd7 Re7 32.Rfd1 Rxd7 33.Rxd7 Qc6 34.Qe2 Qxd7 35.Qh5+ Kg8 36.Qh7+ Kf8 37.Qh8+ Ke7
38.Qxg7+ Kd6  0-1

[Event "TCh-LTU 2012"]
[Site "Lithuania LTU"]
[Date "2012.01.22"]
[Round "2"]
[White "Jegorovas,A"]
[Black "Setkauskas,V"]
[Result "0-1"]
[WhiteElo "2298"]
[BlackElo "2161"]

1.Nf3 Nf6 2.c4 e6 3.Nc3 c5 4.g3 b6 5.Bg2 Bb7 6.O-O d6 7.d4 cxd4 8.Qxd4 a6
9.Bg5 Nbd7 10.Rfd1 Be7 11.Nd2 Bxg2 12.Kxg2 Rc8 13.Bxf6 Nxf6 14.Nde4 Rc6 15.Qd3 O-O
16.b3 Qc7 17.a4 Rb8 18.Ra2 h6 19.Kg1 Nd7 20.Qe3 Nc5 21.Nd2 Qb7 22.b4 Nd7
23.b5 Rbc8 24.Nde4 Rxc4 25.Nxd6 Bxd6 26.Rxd6 Qc7 27.Rad2 Nf6 28.R2d3 Rxc3
29.bxa6 Rxd3 30.Rxd3 Qa7 31.Qe5 Ra8 32.Qb5 Kh7 33.Rd6 Qxa6 34.Qb1+ g6 35.Qa1 Ne4
36.Rd7 Kg8 37.Qd4 Nc5 38.Re7  0-1

[Event "Apertura Internacional 2012"]
[Site "Asuncion PAR"]
[Date "2012.01.23"]
[Round "4.4"]
[White "Latorre,Man"]
[Black "Guimaraes,W"]
[Result "1/2-1/2"]
[WhiteElo "2299"]
[BlackElo "2259"]

1.Nf3 c5 2.c4 Nf6 3.Nc3 d5 4.cxd5 Nxd5 5.g3 e6 6.Bg2 Nc6 7.O-O Be7 8.d4 O-O
9.e4 Nxc3 10.bxc3 cxd4 11.cxd4 Bf6 12.Be3 b6 13.Qe2 Bb7 14.Rfd1 Na5 15.Ne5 Rc8
16.h4 Bxe5 17.dxe5 Qc7 18.f4 Qc4 19.Qf2 Rfd8 20.Rd6 Rxd6 21.exd6 Qd3 22.Qd2 Qxd2
23.Bxd2 Nc4 24.Bb4 a5 25.d7 Rd8 26.Rc1 b5 27.Be1 Rxd7 28.a4 Ne3 29.axb5 f5
30.Bxa5 Nxg2 31.Kxg2 Bxe4+ 32.Kf2 Rd5 33.Rc8+ Kf7 34.Rc7+ Ke8 35.Rxg7 Rxb5
36.Bc3 Rb3 37.Bf6 Rb7 38.Rg5 Kf8 39.h5 Rd7 40.h6 Rd2+ 41.Ke3 Rd3+ 42.Ke2 Rd7
43.Bc3 Kf7 44.Rg7+ Ke8 45.Rg8+ Kf7 46.Rg5 Ke8 47.Be5 Kf7 48.Ke3 Rd3+ 49.Kf2 Rd2+
50.Ke1 Rd7 51.Bc3 Ke8 52.Bd2 Kf7 53.Rg7+ Ke8 54.Bc3 Rxg7 55.hxg7 Kf7 56.Kf2 Bc2
57.Ke3 Bb1 58.Be5 Bc2  1/2-1/2

[Event "Gibraltar Open"]
[Site "Caleta ENG"]
[Date "2012.01.24"]
[Round "1.54"]
[White "El Debs,F"]
[Black "Stone,A ENG"]
[Result "1-0"]
[WhiteElo "2497"]
[BlackElo "2237"]

1.Nf3 Nf6 2.c4 c5 3.Nc3 b6 4.g3 Bb7 5.Bg2 e6 6.O-O Be7 7.d4 cxd4 8.Qxd4 d6
9.Bg5 a6 10.Bxf6 Bxf6 11.Qf4 O-O 12.Rfd1 Be7 13.Ne4 Bxe4 14.Qxe4 Ra7 15.Nd4 g6
16.e3 Rc7 17.b3 Rc5 18.a4 Qc7 19.Rd2 Rd8 20.Qg4 h5 21.Qd1 h4 22.Rc2 hxg3
23.hxg3 Rc8 24.Rac1 Qd8 25.b4 Rh5 26.Bb7 Rc7 27.Bf3 Re5 28.b5 axb5 29.axb5 Ra7
30.Ra1 Qc7 31.Rxa7 Qxa7 32.Qb1 Bf8 33.Ra2 Qc7 34.Ra8 Rc5 35.Nxe6 fxe6 36.Qxg6+ Kh8
37.Be4 Qg7 38.Rxb8 Qxg6 39.Bxg6 Kg7 40.Bd3 d5 41.cxd5 Rxd5 42.Be2 Bc5 43.Bc4 Rd6
44.Kf1 Kf6 45.Ke2 Rd7 46.Re8 Re7 47.Rxe7 Bxe7 48.f4 e5 49.Kf3 Bc5 50.g4 exf4
51.exf4  1-0

[Event "Gibraltar Open"]
[Site "Caleta ENG"]
[Date "2012.01.25"]
[Round "2.32"]
[White "Ben Artzi,I"]
[Black "Gopal,G"]
[Result "0-1"]
[WhiteElo "2284"]
[BlackElo "2566"]

1.Nf3 c5 2.c4 Nf6 3.Nc3 d5 4.d4 cxd4 5.Nxd5 e5 6.Nxe5 Nxd5 7.Qa4+ Bd7 8.Nxd7 Bb4+
9.Bd2 Bxd2+ 10.Kxd2 Nxd7 11.cxd5 Qb6 12.Rc1 Rd8 13.Qa3 Nf6 14.e3 Nxd5 15.e4 Nb4
16.Qa4+ Nc6 17.Bb5 O-O 18.Bxc6 bxc6 19.b4 d3 20.Rc5 Rd4 21.Rhc1 Rfd8 22.a3 Qb8
23.e5 Re4 24.Qxc6 Re2+ 25.Kd1 Rxe5 26.Kd2 Re2+ 27.Kc3 Qf4 28.Rd1 Qd4+ 29.Kb3 Rxf2
30.Rc3 d2 31.Qc5 Qf6 32.Qxa7 Rf1 33.Rxd2 Rxd2 34.Rc8+ Rd8 35.Qa6 Rb1+  0-1

[Event "TCh-CAT 2012"]
[Site "Catalunya ESP"]
[Date "2012.01.28"]
[Round "1.3"]
[White "Alonso Rosell,A"]
[Black "Perez Mitjans,O"]
[Result "1-0"]
[WhiteElo "2513"]
[BlackElo "2477"]

1.c4 Nf6 2.Nc3 c5 3.Nf3 g6 4.g3 Bg7 5.Bg2 O-O 6.d4 cxd4 7.Nxd4 Nc6 8.O-O Ng4
9.e3 Nxd4 10.exd4 Nh6 11.Bf4 Nf5 12.d5 d6 13.Re1 Bd7 14.Qe2 Rc8 15.Rac1 Re8
16.Ne4 Qa5 17.b3 Nd4 18.Qd2 Qxd2 19.Bxd2 f5 20.Nc3 b5 21.Nxb5 Bxb5 22.cxb5 Rxc1
23.Bxc1 Nxb5 24.Be3 Kf7 25.Rc1 Nc3 26.Rc2 a5 27.Bd2 Rc8 28.Kf1 Bd4 29.Bf3 Rc5
30.Ke1 Kf6 31.h4 Rc7 32.Bg5+ Ke5 33.Bg2 Bb6 34.Rd2 f4 35.gxf4+ Kf5 36.f3  1-0

[Event "ch-TUR 2012"]
[Site "Kemer TUR"]
[Date "2012.01.29"]
[Round "1"]
[White "Sengul,C"]
[Black "Celik,Yucel"]
[Result "1-0"]
[WhiteElo "2168"]
[BlackElo "1642"]

1.Nf3 Nf6 2.c4 c5 3.Nc3 b6 4.g3 Bb7 5.Bg2 e6 6.d4 cxd4 7.Qxd4 Bc5 8.Qf4 a6
9.O-O O-O 10.Na4 d6 11.Nxc5 dxc5 12.b3 Nbd7 13.Bb2 Rc8 14.Rad1 Qc7 15.Qc1 Rfe8
16.Qa1 Bxf3 17.Bxf3 e5 18.e3 e4 19.Bg2 Ne5 20.Rd2 Qe7 21.Bxe5 Qxe5 22.Qxe5 Rxe5
23.Rd6 Rb8 24.Rfd1 h6 25.Rc6 a5 26.Rdd6 b5 27.cxb5 Rxb5 28.Rd8+ Re8 29.Rxe8+ Nxe8
30.Rc8  1-0

[Event "ch-TUR 2012"]
[Site "Kemer TUR"]
[Date "2012.01.29"]
[Round "2"]
[White "Dogan,N"]
[Black "Sari,Yasin"]
[Result "1/2-1/2"]
[WhiteElo "2124"]
[BlackElo "1840"]

1.Nf3 Nf6 2.c4 g6 3.Nc3 c5 4.g3 Bg7 5.Bg2 O-O 6.O-O d5 7.cxd5 Nxd5 8.d4 cxd4
9.Nxd4 Nxc3 10.bxc3 Nc6 11.e3 Nxd4 12.cxd4 Rb8 13.Rb1 Qa5 14.Qb3 Be6 15.d5 Bd7
16.Ba3 Rfe8 17.Rfc1 Qd8 18.d6 exd6 19.Bxd6 Be6 20.Qa3 Rc8 21.Rxc8 Qxc8 22.Rc1 Qd8
23.Rb1 Bc4 24.Rxb7 Bf8 25.Qa4 Be6 26.Rb8 Qxb8 27.Bxb8 Rxb8 28.h4 Rb1+ 29.Kh2 Rb2
30.Qxa7 Rxa2 31.Qd4 Rxf2 32.Kg1 Rc2 33.Qd8 Kg7 34.Qd4+ Kg8 35.Qd8 Kg7 36.Qd4+  1/2-1/2

[Event "Moscow Open 2012 A"]
[Site "Moscow RUS"]
[Date "2012.01.29"]
[Round "2.55"]
[White "Ulko,J"]
[Black "Faizrakhmanov,Ramil"]
[Result "1-0"]
[WhiteElo "2476"]
[BlackElo "2190"]

1.Nf3 Nf6 2.c4 c5 3.Nc3 e6 4.e4 d6 5.d4 cxd4 6.Nxd4 a6 7.Bd3 Be7 8.O-O O-O
9.b3 b6 10.Bb2 Bb7 11.Qe2 Nbd7 12.f4 Qc7 13.Kh1 Rfe8 14.Rae1 Rad8 15.Bb1 Nc5
16.Nf3 d5 17.exd5 exd5 18.Nxd5 Nxd5 19.cxd5 Bxd5 20.Qc2 g6 21.Qc3 f6 22.f5 Rc8
23.fxg6 hxg6 24.Bxg6 Rf8 25.Qd4 Bf7 26.Qg4 Bxg6 27.Qxg6+ Kh8 28.Ng5  1-0

[Event "ch-Belgrade 2012"]
[Site "Belgrade SRB"]
[Date "2012.01.30"]
[Round "9.1"]
[White "Cabrilo,G"]
[Black "Milanovic,Da"]
[Result "1/2-1/2"]
[WhiteElo "2471"]
[BlackElo "2510"]

1.Nf3 Nf6 2.c4 c5 3.Nc3 e6 4.e3 Nc6 5.d4 d5 6.cxd5 exd5 7.Be2 Bd6 8.Nb5 Be7
9.dxc5 Bxc5 10.O-O O-O 11.b3 Qe7 12.Bb2 Rd8  1/2-1/2